Azad sharanarthi Tibbat ke param pawan Dalai Lama (Record no. 223066)
[ view plain ]
| 000 -LEADER | |
|---|---|
| fixed length control field | 01029nam a22002417a 4500 |
| 005 - DATE AND TIME OF LATEST TRANSACTION | |
| control field | 20240613100453.0 |
| 008 - FIXED-LENGTH DATA ELEMENTS--GENERAL INFORMATION | |
| fixed length control field | 220523b ||||| |||| 00| 0 eng d |
| 040 ## - CATALOGING SOURCE | |
| Transcribing agency | Aloy |
| 041 ## - LANGUAGE CODE | |
| Language code of text/sound track or separate title | Hindi |
| 082 ## - DEWEY DECIMAL CLASSIFICATION NUMBER | |
| Edition number | 23 |
| Classification number | 294.092H |
| Item number | LAMA |
| 100 ## - MAIN ENTRY--PERSONAL NAME | |
| Personal name | DALAI LAMA |
| 100 ## - MAIN ENTRY--PERSONAL NAME | |
| 9 (RLIN) | 170361 |
| 100 ## - MAIN ENTRY--PERSONAL NAME | |
| 9 (RLIN) | 38722 |
| Dates associated with a name | दलाई लामा |
| 245 ## - TITLE STATEMENT | |
| Title | Azad sharanarthi Tibbat ke param pawan Dalai Lama |
| Remainder of title | आज़ाद शरणार्थी: तिब्बत के परम पावन दलाई लामा |
| 260 ## - PUBLICATION, DISTRIBUTION, ETC. | |
| Place of publication, distribution, etc. | Nayi Dilli: |
| Name of publisher, distributor, etc. | Paljor Publications, |
| Date of publication, distribution, etc. | 1990 |
| 300 ## - PHYSICAL DESCRIPTION | |
| Extent | viii,238p. |
| Other physical details | PB |
| Dimensions | 24x16cm. |
| 365 ## - TRADE PRICE | |
| Source of price type code | Biography |
| 520 ## - SUMMARY, ETC. | |
| Uniform Resource Identifier | <a href="https://archive.org/details/azad-sharanarthi-tibet-ke-dalai-lama-ki-atma-katha-vinay-kranti">https://archive.org/details/azad-sharanarthi-tibet-ke-dalai-lama-ki-atma-katha-vinay-kranti</a> |
| 650 ## - SUBJECT ADDED ENTRY--TOPICAL TERM | |
| Topical term or geographic name entry element | Autobiography:आत्म कथा |
| 9 (RLIN) | 38541 |
| 650 ## - SUBJECT ADDED ENTRY--TOPICAL TERM | |
| Topical term or geographic name entry element | Religious Leader: धार्मिक नायक |
| 9 (RLIN) | 38542 |
| 700 ## - ADDED ENTRY--PERSONAL NAME | |
| Personal name | LAMA (Dalai): लामा (दलाई) |
| 9 (RLIN) | 38543 |
| 700 ## - ADDED ENTRY--PERSONAL NAME | |
| Personal name | KRANTI (Vijay): विजय (क्रान्ति) Ed |
| 9 (RLIN) | 38544 |
| 942 ## - ADDED ENTRY ELEMENTS (KOHA) | |
| Source of classification or shelving scheme | Dewey Decimal Classification |
| Koha item type | George Fernandes Collections |
| Withdrawn status | Lost status | Source of classification or shelving scheme | Damaged status | Not for loan | Collection code | Home library | Current library | Date acquired | Total Checkouts | Full call number | Barcode | Date last seen | Price effective from | Koha item type |
|---|---|---|---|---|---|---|---|---|---|---|---|---|---|---|
| Dewey Decimal Classification | Others | St Aloysius Library | St Aloysius Library | 03/24/2013 | 294.092H LAMA | GF02875 | 05/23/2022 | 05/23/2022 | George Fernandes Collections |